000 00838nam a2200217Ia 4500
999 _c40320
_d40320
001 6928
003 GE_BSU
005 20200206154117.0
008 181216s1 ||||g |||||||||||||| ||geo||
040 _cGE_BSU
041 _ageo
080 _a821.353.1-1 გ-97
100 _aგურჯიძე, არჩილ.
_96837
245 _aლექსები /
_cარჩილ გურჯიძე ; რედ. გ. ხუხაშვილი ; მხატვ. ი. გუკიევა.
264 _aთბილისი :
_bსაბჭ.მწერალი,
_c1955.
300 _a98 გვ. ;
_c16 სმ.
653 _aლექსები
700 _aხუხაშვილი, გ.
_eრედაქტორი
_93691
700 _aგუკიევა, ი.
_eმხატვარი
_96838
942 _cBK
_2udc